Mission: accomplished [CD/sound recording].
Available copies
- 0 of 1 copy available at LARL/NWRL Consortium.
Current holds
0 current holds with 1 total copy.
Show Only Available Copies
| Location | Call Number / Copy Notes | Barcode | Shelving Location | Status | Due Date |
|---|---|---|---|---|---|
| Roseau Public Library | BOOK-ON-CD j MIS (Text) | 35500004175426 | Main | Checked out | 05/11/2026 |
Record details
- ISBN: 1589972325 :
- ISBN: 9781589972322
- Physical Description: 4 sound discs : digital ; 4 3/4 in.
- Publisher: Colorado Springs, Colo. : Focus on the Family, p2005.
Content descriptions
| General Note: | Featuring episodes from the "Adventures in Odyssey" weekly children's Christian radio program. |
| Formatted Contents Note: | The price of freedom -- Good business -- Heatwave ... Read More |
| Target Audience Note: | Ages 8 and up. |
Search for related items by subject
| Subject: | Radio plays > Juvenile drama. |
| Genre: | Christian drama. Children's radio programs. Compact discs. |
Search for related items by series
| LDR | 01466cim a2200313Ia 4500 | ||
|---|---|---|---|
| 001 | 88550 | ||
| 003 | LARL_NWRL_CONSORTIUM | ||
| 005 | 20080212102648.0 | ||
| 008 | 050629s2005 counnn j d eng d | ||
| 019 | . | ‡a144556527 | |
| 020 | . | ‡a1589972325 : ‡c$19.95 | |
| 020 | . | ‡a9781589972322 | |
| 035 | . | ‡a(OCoLC)60768046 ‡z(OCoLC)144556527 | |
| 245 | 0 | 0. | ‡aMission: accomplished ‡h[CD/sound recording]. |
| 246 | 1 | . | ‡iTitle on insert: ‡aGold audio series : Mission: accomplished |
| 260 | . | ‡aColorado Springs, Colo. : ‡bFocus on the Family, ‡cp2005. | |
| 300 | . | ‡a4 sound discs : ‡bdigital ; ‡c4 3/4 in. | |
| 490 | 0 | . | ‡aAdventures in Odyssey gold audio ; ‡vv. 6 |
| 500 | . | ‡aFeaturing episodes from the "Adventures in Odyssey" weekly children's Christian radio program. | |
| 505 | 0 | . | ‡aThe price of freedom -- Good business -- Heatwave -- But, you promised -- A prisoner for Christ -- Elijah, parts 1 and 2 -- That's not fair -- A mission for Jimmy -- The ill-gotten deed -- Rescue from Manatugo Point -- Operation: Digout -- The treasure of LeMonde. |
| 521 | 1 | . | ‡aAges 8 and up. |
| 655 | 0. | ‡aChristian drama. | |
| 650 | 0. | ‡aRadio plays ‡vJuvenile drama. | |
| 655 | 0. | ‡aChildren's radio programs. ‡0(LARL_NWRL_CONSORTIUM)175764 | |
| 655 | 0. | ‡aCompact discs. | |
| 901 | . | ‡a88550 ‡bOCLC ‡c88550 ‡tbiblio | |

Add to basket
Permalink
Enable Highlighting